00344nam a2200133 a 4500008004100000020001500041050001800056100002000074245001200094246002100106260005100127300002300178350000900201120416s1994 ||||||||||||||||| || u a1868125343 aRA 644.M2 Mau aMaurel, Martine10aMalaria aa layman's guide aGoodwood, CapebSouthern Book Publishersc1994 a[xii], 115p. : ill a0.00